Statistics for NBA Players from Maryland

Click here to take the quiz!

General Stats

  • This quiz has been taken 16 times
    (10 since last reset)
  • The average score is 12 of 45

Answer Stats

PositionPlayerDraft Year% Correct
FCJalen Smith2020
100%
FJoe Smith1995
100%
PFBuck Williams1981
83%
PFJordan Williams2011
83%
SFWalt Williams1992
83%
SFAaron Wiggins2021
67%
CAlex Len2013
67%
CDiamond Stone2016
67%
GSteve Blake2003
67%
CBruno Fernando2019
50%
FCChris Wilcox2002
50%
SFJake Layman2016
50%
GJuan Dixon2002
50%
SFKevin Huerter2018
50%
GD.J. Strawberry2007
33%
PFLonny Baxter2002
33%
GSteve Francis1999
33%
GFAlbert King1981
17%
GBrad Davis1977
17%
GGreivis Vasquez2010
17%
FCLen Elmore1974
17%
PFMike Davis1978
17%
GFAdrian Branch1985
0%
PFBarry Yates1971
0%
FBen Coleman1984
0%
CBison Dele1991
0%
PFCedric Lewis1991
0%
FCharles Pittman1982
0%
GChris McCray2006
0%
PFEvers Burns1993
0%
GGene Shue1954
0%
FCJerrod Mustaf1990
0%
FJerry Greenspan1963
0%
GJohn Lucas1976
0%
FKeith Booth1997
0%
GFLaron Profit1999
0%
PFLawrence Boston1978
0%
SGMo Howard1976
0%
CObinna Ekezie1999
0%
GSarunas Jasikevicius1998
0%
SFSteve Sheppard1977
0%
FTerence Morris2001
0%
PFTom McMillen1974
0%
PFTony Massenburg1990
0%
PFWilson Washington1977
0%

Score Distribution

Percentile by Number Answered

Percent of People with Each Score

Your Score History

You have not taken this quiz since the last reset